О к. п. д. вакуумных энергетических установок; Известия Томского политехнического института [Известия ТПИ]; Т. 70, вып. 1

Chi tiết về thư mục
Parent link:Известия Томского политехнического института [Известия ТПИ]/ Томский политехнический институт (ТПИ).— , 1944-1976
Т. 70, вып. 1.— 1950.— [С. 131-140]
Tác giả chính: Положий С. В.
Tóm tắt:Заглавие с титульного листа
Электронная версия печатной публикации
Ngôn ngữ:Tiếng Nga
Được phát hành: 1950
Những chủ đề:
Truy cập trực tuyến:http://www.lib.tpu.ru/fulltext/v/Bulletin_TPU/1950-1951/v70/10.pdf
Định dạng: MixedMaterials Điện tử Chương của sách
KOHA link:https://koha.lib.tpu.ru/cgi-bin/koha/opac-detail.pl?biblionumber=186110

MARC

LEADER 00000nla2a2200000 4500
001 186110
005 20231031173436.0
035 |a (RuTPU)RU\TPU\book\201933 
035 |a RU\TPU\book\201932 
090 |a 186110 
100 |a 20101025d1950 k y0rusy50 ca 
101 0 |a rus 
102 |a RU 
135 |a drnn ---uucaa 
181 0 |a i  
182 0 |a b 
200 1 |a О к. п. д. вакуумных энергетических установок  |b Электронный ресурс  |f С. В. Положий 
203 |a Текст  |c электронный 
215 |a 1 файл (505 Кб) 
230 |a Электронные текстовые данные (1 файл : 505 Кб) 
300 |a Заглавие с титульного листа 
300 |a Электронная версия печатной публикации 
320 |a [Библиогр.: с. 140 (5 назв.)] 
337 |a Adobe Reader 
461 1 |0 (RuTPU)RU\TPU\book\200995  |t Известия Томского политехнического института [Известия ТПИ]  |f Томский политехнический институт (ТПИ)  |d 1944-1976 
463 1 |0 (RuTPU)RU\TPU\book\201920  |t Т. 70, вып. 1  |v [С. 131-140]  |d 1950  |p 306 с. 
610 1 |a электронный ресурс 
610 1 |a труды учёных ТПУ 
700 1 |a Положий  |b С. В. 
801 1 |a RU  |b 63413507  |c 20090320  |g PSBO 
801 2 |a RU  |b 63413507  |c 20110706  |g PSBO 
856 4 |u http://www.lib.tpu.ru/fulltext/v/Bulletin_TPU/1950-1951/v70/10.pdf 
942 |c CF